• 首页
  • 本馆介绍
  • 公告通知
  • 最新文献
  • 馆藏检索
  • 电子资源
  • 读者导购
  • 参考咨询
  • 我的图书馆
  • 登录
  • 详细信息显示
  • 放入我的书架
  • 预约/预借图书
  • 作者相关作品
  • 分类相关作品
  • 丛书相关作品
  • 出版社相关作品

书目信息

  • 表格格式
  • 工作单格式
  • 卡片格式
题名:
十九路军纪念文集
    
 
作者: 十九路军淞沪抗日将属广州联谊会 编
分册:  
出版信息: 不详   不详  2003
页数: 226页
开本: 28cm
丛书名:
单 册:
中图分类: K264.31
科图分类:
主题词: 一·二八事变(1932)--史料
电子资源:
ISBN:
000 00655nam0 2200181 450
001 0750457928
005 20070806144031.20
010    @d不详
100    @a20070806d2003 km y0chiy0120 ea
101 0  @achi
200 1  @a十九路军纪念文集@Ashi jiu lu jun ji nian wen ji@f十九路军淞沪抗日将属广州联谊会编@Fshi jiu lu jun song hu kang ri jiang shu guang zhou lian yi hui bian
210    @a不详@c不详@d2003
215    @a226页@d28cm
606 0  @a一·二八事变(1932)@x史料
690    @aK264.31@v3
701  0 @a十九路军淞沪抗日将属广州联谊会@Ashi jiu lu jun song hu kang ri jiang shu guang zhou lian yi hui@4编
801  0 @aCN@bPFT@c20070806
905    @a10447@dK264.31@e53
    
    十九路军纪念文集/十九路军淞沪抗日将属广州联谊会编.-不详:不详,2003
    226页;28cm
    
    
    ISBN :不详
    
●
相关链接 在E读中查询图书 在五车中查询图书 在当当中查询图书 在豆瓣中查询图书


正题名:十九路军纪念文集     索取号:K264.31/53         预约/预借

序号 登录号 条形码 馆藏地/架位号 状态 备注
1 0784376   207843761   第二样本阅览室/ [索取号:K264.31/53] 在馆    
唐山师范学院图书馆 欢迎您!
大连网信软件有限公司© 版权所有